Top 100 Films with the Most Fans on Letterboxd - Statistics

General Stats
  • This quiz has been taken 91 times
  • The average score is 47 of 100
Answer Stats
# Year Director Actor Movie % Correct
1 2014 Christopher Nolan Matthew McConaughey Interstellar
93%
3 2016 Damien Chazelle Emma Stone La La Land
90%
8 1999 David Fincher Brad Pitt Fight Club
84%
17 2008 Christopher Nolan Christian Bale The Dark Knight
81%
34 2010 Christopher Nolan Leonardo DiCaprio Inception
80%
33 2003 Quentin Tarantino Uma Thurman Kill Bill: Vol. 1
77%
26 1972 Francis Ford Coppola Marlon Brando The Godfather
77%
43 2024 Denis Villeneuve Timothée Chalamet Dune: Part Two
75%
21 1995 David Fincher Brad Pitt Se7en
75%
23 1994 Quentin Tarantino John Travolta Pulp Fiction
74%
27 1994 Robert Zemeckis Tom Hanks Forrest Gump
72%
15 2019 Bong Joon Ho Song Kang-ho Parasite
72%
6 2014 Damien Chazelle Miles Teller Whiplash
72%
2 1989 Peter Weir Robin Williams Dead Poets Society
71%
11 2022 Daniel Kwan Michelle Yeoh Everything Everywhere All at Once
71%
41 1998 Peter Weir Jim Carrey The Truman Show
70%
22 2010 Darren Aronofsky Natalie Portman Black Swan
67%
16 2009 Wes Anderson George Clooney Fantastic Mr. Fox
67%
10 1997 Gus Van Sant Matt Damon Good Will Hunting
67%
13 2017 Luca Guadagnino Timothée Chalamet Call Me by Your Name
65%
4 2004 Michel Gondry Jim Carrey Eternal Sunshine of the Spotless Mind
65%
19 2001 Hayao Miyazaki Rumi Hiiragi Spirited Away
65%
31 2009 Quentin Tarantino Brad Pitt Inglourious Basterds
62%
7 2019 Greta Gerwig Saoirse Ronan Little Women
62%
47 2001 Peter Jackson Ian McKellen The Lord of the Rings: The Fellowship of the Ring
62%
37 2003 Peter Jackson Elijah Wood The Lord of the Rings: The Return of the King
62%
65 2012 Quentin Tarantino Jamie Foxx Django Unchained
61%
20 1994 Frank Darabont Morgan Freeman The Shawshank Redemption
61%
55 1980 Stanley Kubrick Jack Nicholson The Shining
59%
52 2017 Greta Gerwig Saoirse Ronan Lady Bird
58%
45 2014 Wes Anderson Ralph Fiennes The Grand Budapest Hotel
58%
44 2022 Matt Reeves Robert Pattinson The Batman
55%
9 2012 Stephen Chbosky Emma Watson The Perks of Being a Wallflower
55%
35 1985 Robert Zemeckis Michael J. Fox Back to the Future
54%
87 1997 James Cameron Kate Winslet Titanic
54%
100 2009 James Cameron Zoe Saldaña Avatar
52%
80 2025 Ryan Coogler Michael B. Jordan Sinners
52%
40 1990 Martin Scorsese Robert De Niro GoodFellas
51%
18 2004 Hayao Miyazaki Chieko Baisho Howl's Moving Castle
51%
69 1976 Martin Scorsese Robert De Niro Taxi Driver
51%
12 2005 Joe Wright Keira Knightley Pride & Prejudice
49%
30 2018 Bob Persichetti Shameik Moore Spider-Man: Into the Spider-Verse
49%
5 1999 Gil Junger Julia Stiles 10 Things I Hate About You
48%
63 2010 Martin Scorsese Leonardo DiCaprio Shutter Island
48%
81 2006 David Frankel Anne Hathaway The Devil Wears Prada
48%
50 1991 Jonathan Demme Jodie Foster The Silence of the Lambs
48%
25 2004 Nick Cassavetes Ryan Gosling The Notebook
46%
32 2001 Richard Kelly Jake Gyllenhaal Donnie Darko
45%
24 2005 George Lucas Hayden Christensen Revenge of the Sith
45%
49 2023 Justin K. Thompson Shameik Moore Spider-Man: Across the Spider-Verse
45%
88 1999 Lana Wachowski Keanu Reeves The Matrix
45%
38 2022 Charlotte Wells Paul Mescal Aftersun
43%
83 1982 Ridley Scott Harrison Ford Blade Runner
42%
77 1979 Ridley Scott Sigourney Weaver Alien
41%
60 2016 Denis Villeneuve Amy Adams Arrival
41%
61 1980 Irvin Kershner Mark Hamill The Empire Strikes Back
41%
78 1968 Stanley Kubrick Keir Dullea 2001: A Space Odyssey
39%
70 1993 Steven Spielberg Laura Dern Jurassic Park
39%
68 1999 Sofia Coppola Kirsten Dunst The Virgin Suicides
39%
42 1995 Richard Linklater Ethan Hawke Before Sunrise
38%
56 2004 Alfonso Cuarón Daniel Radcliffe Harry Potter and the Prisoner of Azkaban
38%
62 2001 David Lynch Naomi Watts Mulholland Drive
38%
97 2006 Christopher Nolan Hugh Jackman The Prestige
38%
75 2005 Ang Lee Heath Ledger Brokeback Mountain
36%
89 2008 Catherine Hardwicke Kristen Stewart Twilight
36%
96 2014 David Fincher Ben Affleck Gone Girl
35%
54 1995 Mathieu Kassovitz Vincent Cassel La Haine
35%
90 2019 Ari Aster Florence Pugh Midsommar
35%
48 2018 Felix van Groeningen Steve Carell Beautiful Boy
33%
76 2007 Brad Bird Patton Oswalt Ratatouille
33%
39 2010 Edgar Wright Michael Cera Scott Pilgrim vs. the World
33%
29 1996 Wes Craven Neve Campbell Scream
33%
66 1982 John Carpenter Kurt Russell The Thing
33%
95 2007 Coen Brothers Javier Bardem No Country for Old Men
32%
14 2009 Henry Selick Dakota Fanning Coraline
30%
36 2008 Phyllida Lloyd Meryl Streep Mamma Mia!
30%
86 2003 Park Chan-wook Choi Min-sik Oldboy
30%
92 1997 Satoshi Kon Junko Iwao Perfect Blue
30%
57 1997 Hayao Miyazaki Yoji Matsuda Princess Mononoke
30%
85 2013 Denis Villeneuve Hugh Jackman Prisoners
30%
51 2001 Jean-Pierre Jeunet Audrey Tautou Amélie
29%
59 1957 Sidney Lumet Martin Balsam 12 Angry Men
28%
79 2009 Marc Webb Joseph Gordon-Levitt (500) Days of Summer
28%
82 2017 Denis Villeneuve Ryan Gosling Blade Runner 2049
28%
67 2002 Fernando Meirelles Alexandre Rodrigues City of God
26%
71 2000 Wong Kar-Wai Maggie Cheung In the Mood for Love
26%
28 2006 Valerie Faris Toni Collette Little Miss Sunshine
25%
53 2019 Céline Sciamma Noémie Merlant Portrait of a Lady on Fire
25%
94 1986 Rob Reiner Wil Wheaton Stand by Me
25%
93 1987 Rob Reiner Cary Elwes The Princess Bride
25%
74 2022 Luca Guadagnino Taylor Russell Bones and All
23%
72 2013 Francis Lawrence Jennifer Lawrence The Hunger Games: Catching Fire
22%
84 1996 Danny Boyle Ewan McGregor Trainspotting
22%
46 2013 Richard Curtis Rachel McAdams About Time
20%
64 1999 James Mangold Winona Ryder Girl, Interrupted
20%
99 1984 Wim Wenders Harry Dean Stanton Paris, Texas
20%
58 2003 Donald Petrie Kate Hudson How to Lose a Guy in 10 Days
19%
91 2023 Celine Song Greta Lee Past Lives
19%
98 2010 Chris Sanders Jay Baruchel How to Train Your Dragon
14%
73 2010 Nathan Greno Mandy Moore Tangled
14%
No matching quizzes found
Score Distribution
Percent of People with Each Score
Percentile by Number Answered
Your Score History
You have not taken this quiz